| 000 | 01327nam a22003254a 4500 | ||
|---|---|---|---|
| 001 | ebr10023311 | ||
| 003 | CaPaEBR | ||
| 006 | m u | ||
| 007 | cr cn||||||||| | ||
| 008 | 010717s2002 ctu sb 001 0 eng | ||
| 010 | _z 2001049179 | ||
| 020 | _z1567203116 (alk. paper) | ||
| 040 |
_aCaPaEBR _cCaPaEBR |
||
| 035 | _a(OCoLC)614521456 | ||
| 050 | 1 | 4 |
_aHF5616.P16 _bM35 2002eb |
| 082 | 0 | 4 |
_a338.7/61657/099 _221 |
| 100 | 1 | _aMcKee, David L. | |
| 245 | 1 | 0 |
_aCrisis, recovery, and the role of accounting firms in the Pacific Basin _h[electronic resource] / _cDavid L. McKee, Don E. Garner, and Yosra AbuAmara McKee. |
| 260 |
_aWestport, Conn. : _bQuorum Books, _c2002. |
||
| 300 | _aix, 214 p. | ||
| 504 | _aIncludes bibliographical references (p. [189]-207) and index. | ||
| 533 |
_aElectronic reproduction. _bPalo Alto, Calif. : _cebrary, _d2013. _nAvailable via World Wide Web. _nAccess may be limited to ebrary affiliated libraries. |
||
| 650 | 0 |
_aAccounting firms _zPacific Area. |
|
| 650 | 0 |
_aFinancial crises _zPacific Area. |
|
| 655 | 7 |
_aElectronic books. _2local |
|
| 700 | 1 | _aGarner, Don E. | |
| 700 | 1 |
_aMcKee, Yosra AbuAmara, _d1948- |
|
| 710 | 2 | _aebrary, Inc. | |
| 856 | 4 | 0 |
_uhttp://site.ebrary.com/lib/rucke/Doc?id=10023311 _zAn electronic book accessible through the World Wide Web; click to view |
| 999 |
_c7735 _d7735 |
||